All Pokémon with Shell Armor - Statistics

General Stats
  • This quiz has been taken 5 times
  • The average score is 20 of 28
Answer Stats
(Avail)ability Pokémon % Correct
First Ability Clamperl
100%
First Ability Cloyster
100%
Second Ability Crustle
100%
Second Ability Dwebble
100%
Second Ability Escavalier
100%
Second Ability Kingler
100%
Second Ability Krabby
100%
Only Ability Mega Slowbro
100%
Second Ability Omanyte
100%
Second Ability Omastar
100%
First Ability Shellder
100%
Second Ability Shelmet
100%
Second Ability Chewtle
50%
Second Ability Corphish
50%
Second Ability Crawdaunt
50%
Hidden Ability Dewott
50%
Second Ability Drednaw
50%
Hidden Ability Grotle
50%
Second Ability Hisuian Goodra
50%
Second Ability Hisuian Sliggoo
50%
Second Ability Klawf
50%
Second Ability Lapras
50%
Hidden Ability Oshawott
50%
Hidden Ability Samurott
50%
Hidden Ability Torterra
50%
First Ability Turtonator
50%
Hidden Ability Turtwig
50%
Hidden Ability Torkoal
0%
No matching quizzes found
Score Distribution
Percent of People with Each Score
Percentile by Number Answered
Your Score History
You have not taken this quiz